Quiz - Série TF1 : Cat's eyes - Statistiques

Statistiques générales
  • Ce quiz a été pris 197 fois
  • Le résultat moyen est 9 sur 13
Statistiques - réponses
Hint Réponse % Correct
Tamara Camille Lou
94%
Prudence Elodie Fontan
84%
Créateur du manga signé cat's eyes Tsukasa Hōjō
84%
Lieu de l'intrigue Paris
82%
Alexia Claire Romain
80%
Sylia Constance Labbé
78%
Quentin MB14
76%
Hélène Durrieux Carole Bouquet
72%
Dalembert Guillaume de Tonquédec
68%
Gwen Cindy Bruna
66%
Chanteuse du générique Anne Sila
65%
Armand Chassagne Gilbert Melki
50%
Commissaire Bruneau Juliette Plumecocq-Mech
47%
Aucun quiz correspondant
Distribution des résultats
% des personnes avec chaque résultat
Percentile par nombre de réponses
Votre historique - résultats
Vous n’avez pas pris ce quiz